Cómo elaborar y asesorar una investigación de tesis

Gorde:
Xehetasun bibliografikoak
Egile nagusia: Muñoz Razo, Carlos (autor)
Formatua: Liburua
Hizkuntza:gaztelania
Argitaratua: Ciudad de México Prentice Hall Hispanoamericano 1998
Edizioa:1a. ed
Gaiak:
Etiketak: Etiketa erantsi
Etiketarik gabe, Izan zaitez lehena erregistro honi etiketa jartzen!

MARC

LEADER 00000cam a2200000 a 4500
001 UCO3007
003 CL-VaPUC
005 20231214132359.0
008 000610e19980000MX |||||||||||||||||spa|d
999 |c 289490  |d 289488 
020 |a 9701701399 
040 |c Pontificia Universidad Católica de Valparaíso 
082 0 4 |a 001.4  |b MUÑ  |2 21 
100 |a Muñoz Razo, Carlos  |e autor  |9 569741 
245 1 0 |a Cómo elaborar y asesorar una investigación de tesis 
250 |a 1a. ed 
260 |a Ciudad de México  |b Prentice Hall Hispanoamericano  |c 1998 
300 |a 300 p 
583 |a last modification  |c 20130703 10:56:35  |k Rodrigo Vera 
650 0 |a Redacción  |2 CL-VaPUC  |9 477113  |x Informes 
650 0 |a Investigación  |9 883899  |x Metodología 
650 0 |a Escritos científicos  |9 470306 
650 0 |a Documentación  |9 886517 
942 |c BK  |2 ddc 
945 |d 20000610 00:00:00  |a rbrito 
952 |0 0  |1 0  |4 0  |6 001_400000000000000_MUÑ_1998  |7 0  |8 A  |9 337926  |a BIBTEO  |b BIBTEO  |d 2019-11-20  |i 3625540  |l 1  |o 001.4 MUÑ 1998  |p 3625540  |r 2025-01-17  |s 2024-09-23  |w 2019-11-20  |y BK  |k ICR 
952 |0 0  |1 0  |4 0  |6 001_400000000000000_MUÑ_1998  |7 0  |8 A  |9 337927  |a BIBING  |b BIBING  |d 2019-11-20  |i 3947521  |l 1  |o 001.4 MUÑ 1998  |p 3947521  |r 2024-01-25  |s 2020-08-03  |w 2019-11-20  |y BK  |k CCL 
952 |0 0  |1 0  |4 0  |6 001_400000000000000_MUÑ_1998  |7 0  |8 A  |9 337928  |a BIBHIS  |b BIBHIS  |d 2019-11-20  |i 3952185  |l 1  |o 001.4 MUÑ 1998  |p 3952185  |r 2025-01-20  |s 2022-03-11  |w 2019-11-20  |y BK  |k HIS 
952 |0 0  |1 0  |4 0  |6 001_400000000000000_MUÑ_1998  |7 0  |8 A  |9 337929  |a BIBCUR  |b BIBCUR  |d 2019-11-20  |i 4005139  |l 1  |o 001.4 MUÑ 1998  |p 4005139  |r 2025-04-22  |s 2024-04-19  |w 2019-11-20  |y BK  |k BCB 
952 |0 0  |1 0  |4 0  |6 001_400000000000000_MUÑ_1998  |7 0  |8 R  |9 337930  |a BIBENE  |b BIBENE  |d 2019-11-20  |i 4244656  |l 1  |o 001.4 MUÑ 1998  |p 4244656  |r 2025-01-15  |s 2024-10-17  |w 2019-11-20  |y BK_R  |k ICO 
952 |0 0  |1 0  |4 0  |6 001_400000000000000_MUÑ_1998  |7 0  |8 A  |9 337931  |a BIBEDU  |b BIBEDU  |d 2019-11-20  |i 4454987  |o 001.4 MUÑ 1998  |p 4454987  |r 2019-11-20  |w 2019-11-20  |y BK  |k EBA